000 00579nam a22001817a 4500
003 CEME
005 20210628202959.0
008 210119b xxu||||| |||| 00| 0 eng d
020 _a0-7879-7237-1
040 _c.
082 _a650.1 PFE
100 _aGordon, Jack
_962697
245 _aThe pfeiffer hanbook of structured experiences, learning activities for personal development
260 _aNEW YORK
_bPFEIFFER
_c2004
300 _aXVII,474 P
650 _aSTRUCTURED EXPERIENCES.LEADERSHIP.DECISION MAKING.PERSONAL GROWTH.CONSULTING TECHNIQUES.
_962698
942 _cBK
_2ddc
999 _c571726
_d571726